| 000 | 00482 a2200145 4500 | ||
|---|---|---|---|
| 001 | 85380 | ||
| 020 | _a9781597841283 | ||
| 082 | _a297.092 GUL | ||
| 090 |
_c40107 _d40106 |
||
| 100 | _aMehmet Enes Ergene | ||
| 245 | _aTradition Witnessing the Modern Age: An Analysis of the Gulen Movement | ||
| 260 |
_aNew Jersey _btUGHRA bOOKS _c2011 |
||
| 300 | _aXV 208 | ||
| 740 |
_agulan, fateh ullah; islam and politics-turkey; islam-essence, genius, nature _hislamic religious education |
||
| 942 |
_acaenust _k297.092 GUL |
||
| 999 |
_c320453 _d320453 |
||